Tạp chí giáo dục, số 293

Na minha lista:
Detalhes bibliográficos
Formato: online
Publicado em: 2012
Tags: Adicionar Tag
Sem tags, seja o primeiro a adicionar uma tag!
Thư viện lưu trữ: Mạng thư viện Đại học Đà Nẵng
LEADER 00685na a2200205 4500
001 000032274
003 8354
005 20151002091326.0
008 151002s2012 000
082 |a 959.7370 
245 |a Tạp chí giáo dục, số 293  |c Nguyễn Huy Huấn 
260 |c 2012 
OWN |a LNN 
AVA |a UDN50  |b LNN  |d 959.7370  |e available  |t Error 5001 Not defined in file expand_doc_bib_avail.  |f 1  |g 0  |h N  |i 0  |k 1 
999 |a From the UDN01 
AVA |a UDN50  |b LNN  |d 959.7370  |e available  |t Error 5001 Not defined in file expand_doc_bib_avail.  |f 1  |g 0  |h N  |i 0  |k 1 
TYP |a Printed language 
980 |a Mạng thư viện Đại học Đà Nẵng